000 01083nam a22003257a 4500
003 CHAP
005 20220329135108.0
008 971013s1983 r 00010 d
010 _a30842
011 _a31814
035 _a35926
040 _cCHAP
090 _aFolleto 10334
110 _aNational Research Council. Washington. Subcommittee on Swine Nutrition
_980375
245 _aCalliandra
_b: a versatile small tree for the humic tropics
260 _aWashinton, D. C. :
_bNRC,
_c1983
300 _a52 .
_b: ilus.
490 _aInnovations in tropical reforestation
590 _aBATCH-UPD
_b10
_c20130110
_lUCH01
_h0245
590 _aBATCH-UPD
_b10
_c20130110
_lUCH01
_h1951
590 _aBATCH-UPD
_b10
_c20130410
_lUCH01
_h1313
590 _aBATCH-UPD
_b10
_c20130914
_lUCH01
_h0818
590 _aCONVERSION
_b10
_c20130109
_lUCH01
_h1317
650 1 4 _aÁrboles tropicales.
_982448
650 1 4 _aCalliandra.
_917550
830 0 _aInnovations in tropical reforestation
_958832
901 _aBK
942 _cFOLL
949 _aFolleto 10334
_bBC
_cFOLL
_d-82938
_eTS1
_i35926
_mD
_si
999 _c30842
_d30842